02190nam a22002057a 4500008004100000020001800041040000800059041000800067050002300075100002500098245009900123250001900222260004400241300002700285520158800312650002301900650002201923650001101945650002801956250520b |||||||| |||| 00| 0 eng d a9780241670293 ctbs aeng aHM1111b.B758 2023 aBrooks, Davidd1961- aHow to know a personb: the art of seeing others deeply and being deeply seenc/ David Brooks. aFirst edition. aNew York, NY : bRandom House, c2023. ax, 306 pages ;c25 cm. aIf you are going to care for someone, you must first understand them. If you're going to hire, marry, or befriend someone, you have to be able to see them. If you are going to work closely with someone, you have to be able to make them feel recognized and valued. As David Brooks observes, "The older I get, the more I come to the certainty that there is one skill at the center of any healthy family, company, classroom, community or nation: the ability to see each other, to know other people, to make them feel valued, heard and understood." And yet we humans don't do this well. All around us are people who feel invisible, unseen, misunderstood. In How to Know a Person, Brooks sets out to help us to do better, posing questions that are essential for all of us. Driven by his trademark sense of curiosity, Brooks draws from the fields of psychology and neuroscience, and from the worlds of theatre, history, and education, to present a welcoming, hopeful, integrated approach to human connection. How to Know a Person helps readers become more understanding and considerate towards others; it helps readers find the joy that comes from being seen. Along the way it offers a possible remedy for a society that is riven by fragmentation, hostility, and misperception. The act of seeing another person, Brooks argues, is a profoundly creative act: How can we look somebody in the eye and see something large in them, and in turn, see something larger in ourselves? How to Know a Person is for anyone searching for connection, seeking to understand and yearning to be understood. 0aSocial interaction 0aSocial psychology 0aCaring 0aInterpersonal relations